Odrzykoń - quiz wielokrotnego wyboru - Statystyki

Ogólne statystyki
  • Ten quiz został rozwiązany 12 razy
  • Średni wynik to 8 z 10
Statystyki odpowiedzi
Zagadnienie Odpowiedź % Poprawnych
W jakim powiecie leży Odrzykoń? Krośnieńskim
100%
Jakie miasto graniczy z Odrzykoniem? Krosno
100%
Jaka jest najdłuższa ulica w Odrzykoniu? Armii Krajowej
90%
Ile mieszkańców liczy Odrzykoń? ok. 3000
90%
W jakiej gminie leży Odrzykoń? Wojaszówka
90%
Jaka książka Aleksandra Fredry została napisana na wzór historii z zamku w Odrzykoniu? Zemsta
90%
Jak nazywa się polski duchowny, wojskowy i polityk, kapelan Legionu Wschodniego pochodzący z Odrzykonia? Józef Panaś
80%
Jaka duża rzeka przepływa przez Odrzykoń? Wisłok
80%
Jak nazywa się piłkarski klub Odrzykonia? Zamczysko
70%
Jaką nazwę nosi Odrzykoń w niemieckim tłumaczeniu? Erenberg
50%
Nie znaleziono quizów pasujących do podanych kryteriów
Rozkład punktacji
Procent ludzi z każdym wynikiem
Percentyl według liczby udzielonych odpowiedzi
Twoja historia wyników
Nie rozwiązałeś tego quizu